000 00638nam a2200217 4500
003 OSt
005 20240619052955.0
006 a
008 240619b |||||||| |||| 00| 0 eng d
020 _a9781259010989
040 _aDWCL-Main lib.
_cOC
082 _2Eighth edition
_aCirc. 537 F788e 2013
100 _aFowler, Richard J
245 _aElectricity : principles & applications /
250 _aEighth edition
260 _aNew York :
_bMcGraw-Hill,
_cc2013.
300 _axviii,
_b526 p. : ill. ;
_c26 cm.
504 _aIncludes indexes & glossary.
650 _a1. Electricity.
942 _2ddc
_n0
_cBK-CIRC
_eEighth edition
_kCirc.
999 _c883
_d883